Представление документа в формате RUSMARC

ПолеНазваниеЗначение
  Тип записи a
  Библиографический уровень m
001 Контрольный номер RU/REG73/CBS_GRAD/ef70f9d6e3b14140a4b1424418bcb0ae
005 Дата корректировки 20260227145827.3
010 Индекс ISBN __
a ISBN 5-85044-500-5
b Уточнения в пер.
9 Тираж 10000 экз.
100 Данные общей обработки __
a Данные общей обработки 20260227d2001 cd y0rusy0189## ca
101 Язык документа 0_
a Язык текста rus
102 Страна публикации __
a Страна публикации RU
105 Кодированные данные (монография) __
a Кодированные данные (монография) a z 000yy
200 Заглавие и сведения об ответственности 1_
a Заглавие Овощи и фрукты
e Сведения, относящиеся к заглавию учебное пособие для школьников младших и средних классов
f Первые сведения об ответственности В. И. Сивоглазов, Т. А. Козлова
g Последующие сведения об ответственности иллюстрации М. Сергеевой
g Последующие сведения об ответственности редактор А. Кочаров
203 Вид содержания и тип средства __
a Вид содержания Текст
b Характеристика содержания визуальный
c Тип средства непосредственный
210 Выходные данные 1_
a Место издания Москва
c Издательство Эгмонт Россия Лтд
d Дата издания 2001
215 Физическое описание __
a Объем 64 с.
c Иллюстрации/тип воспроизводства ил.
d Формат 20 см
225 Серия 1_
a Серия Атлас родной природы
333 Примечание о целевом назначении __
a Примечание о целевом назначении 6+
606 Тематические рубрики 0_
a Основная рубрика Растениеводство и садоводство
x Основная подрубрика
610 Ключевые слова 0_
a Ключевые слова плодовые деревья
610 Ключевые слова 0_
a Ключевые слова растения сада и огорода
610 Ключевые слова 0_
a Ключевые слова огород
610 Ключевые слова 0_
a Ключевые слова приусадебный участок
686 Индексы других классификаций __
a Классификационный индекс 42.3
2 Код системы rubbk
701 Альтернативная интеллектуальная ответственность _1
a Фамилия Сивоглазов
b Имя (инициалы) В. И.
4 Код отношения 070
701 Альтернативная интеллектуальная ответственность _1
a Фамилия Козлова
b Имя (инициалы) Т. А.
4 Код отношения 070
702 Вторичная интеллектуальная ответственность _1
a Фамилия Сергеева
b Имя (инициалы) М.
4 Код отношения 440
702 Вторичная интеллектуальная ответственность _1
a Фамилия Кочаров
b Имя (инициалы) А.
4 Код отношения 340
g Полное личное имя Александр
801 Источник записи _0
a Страна RU
b Организация RuCBSGrad
c Дата составления 20260227
g Правила каталогизации RCR
801 Источник записи _1
a Страна RU
b Организация RuCBSGrad
c Дата составления 20260227
g Правила каталогизации RCR
852 Данные о местонахождении __
a Наименование организации МБУК "ЦБС г.Димитровграда"
i Авторский знак К 59
z Тип записи R
901 Тип документа __
t Тип документа m
909 Создатель записи __
a Создатель записи Гонюкова
b Дата создания записи 2026027